Central Library OPAC University of Rajshahi

Best American plays : (Record no. 17538)

MARC details
000 -LEADER
fixed length control field 01234nam a2200301 a 4500
001 - CONTROL NUMBER
control field 17538
003 - CONTROL NUMBER IDENTIFIER
rucl marc code BD-RjUL
005 - DATE AND TIME OF LATEST TRANSACTION
control field 20211209000145.0
008 - FIXED-LENGTH DATA ELEMENTS--GENERAL INFORMATION
fixed length control field 140217r19751963nyu x b 0 a0engdd
035 ## - SYSTEM CONTROL NUMBER
System control number BD-RjUL)17596
040 ## - CATALOGING SOURCE
Original cataloging agency DLC
Language of cataloging eng
Transcribing agency In
Modifying agency In
-- InU
-- OCoLC
-- InU
-- N
-- DLC
-- OCoLC
-- NST
-- OCoLC
-- InU
-- OCoLC
-- DLC
-- OCoLC
-- CNNWL
-- HEBIS
-- DEBBG
-- GBVCP
-- ViFGM
-- UKMGB
-- OCoLC
-- BD-RjUL
041 ## - LANGUAGE CODE
Language code of text/sound track or separate title eng
082 00 - DEWEY DECIMAL CLASSIFICATION NUMBER
Classification number 812.008
Edition number 19
Author mark and year BES 1975
245 00 - TITLE STATEMENT
Title Best American plays :
Remainder of title Fifth Series 1957-1963 /
Statement of responsibility, etc. Ed.by John, Gassner
260 ## - PUBLICATION, DISTRIBUTION, ETC. (IMPRINT)
Place of publication, distribution, etc. New York :
Name of publisher, distributor, etc. Crown Publishers,
Date of publication, distribution, etc. c1963 [Reprinted 1975]
300 ## - PHYSICAL DESCRIPTION
Pagination xxiv,678p. ;
Size 25 cm.
500 ## - GENERAL NOTE
General note Editors: 3rd-5th ser., J. Gassner; 6th ser., J. Gassner and C. Barnes; 7th- ser., C. Barnes.
650 #0 - SUBJECT ADDED ENTRY--TOPICAL TERM
Topical term or geographic name as entry element American drama
Chronological subdivision 20th century.
9 (RLIN) 51401
700 1# - ADDED ENTRY--PERSONAL NAME
Personal name Gassner, John,
Dates associated with a name 1903-1967.
Personal name Barnes, Clive,
Dates associated with a name 1927-2008.
776 08 - ADDITIONAL PHYSICAL FORM ENTRY
Relationship information Online version:
Title Best American plays
Record control number (OCoLC)646868764
780 00 - PRECEDING ENTRY
Title Best plays of the modern American theatre
Record control number (DLC)sf 82003157
-- (OCoLC)5367558
936 ## - OCLC/CONSER MISCELLANEOUS DATA (OCLC); PIECE USED FOR CATALOGING (pre-AACR2) (RLIN)
OCLC control number(s) of parallel record(s) (OCLC); Piece used for cataloging, PUC (RLIN) 9th ser. (1983/92) surrogate (LIC)
942 ## - ADDED ENTRY ELEMENTS (KOHA)
Source of classification or shelving scheme Dewey Decimal Classification
Koha item type Books
Holdings
Lost status Source of classification or shelving scheme Damaged status Not for loan Collection code Permanent Location Current Location Shelving location Date acquired Source of acquisition Total Checkouts Full call number Date last seen Copy number Koha item type
  Dewey Decimal Classification     Non-fiction Central Library, University of Rajshahi Central Library, University of Rajshahi   03/07/1976 U.S.I.S Gift   812.008 BES 1975 17/02/2014 C-2 Books
  Dewey Decimal Classification   Not For Loan Non-fiction Central Library, University of Rajshahi Central Library, University of Rajshahi Reading Room 03/07/1976 USIS Dhaka   812.008 BES 1975 19/02/2020 C-1 Books